Neuroprotection in Brain Hypoxia (Record no. 19528)
[ view plain ]
| 000 -LEADER | |
|---|---|
| fixed length control field | 00530nam a2200133Ia 4500 |
| 008 - FIXED-LENGTH DATA ELEMENTS--GENERAL INFORMATION | |
| fixed length control field | 220616s9999||||xx |||||||||||||| ||und|| |
| 020 ## - INTERNATIONAL STANDARD BOOK NUMBER | |
| International Standard Book Number | 9782890000000 |
| 245 #0 - TITLE STATEMENT | |
| Title | Neuroprotection in Brain Hypoxia |
| 546 ## - LANGUAGE NOTE | |
| Language note | English[eng] |
| 650 ## - SUBJECT ADDED ENTRY--TOPICAL TERM | |
| Topical term or geographic name entry element | neuroprotection||brain hypoxia||pathophysioloy||pharmacology||genetics |
| 700 ## - ADDED ENTRY--PERSONAL NAME | |
| Personal name | Otero-Losada, Matilde||Wandosell, Francisco G.||Miguel Garcia-Segura, Luis||Capani, Francisco |
| 856 ## - ELECTRONIC LOCATION AND ACCESS | |
| Uniform Resource Identifier | <a href="https://www.frontiersin.org/research-topics/5872/neuroprotection-in-brain-hypoxia">https://www.frontiersin.org/research-topics/5872/neuroprotection-in-brain-hypoxia</a> |
| 942 ## - ADDED ENTRY ELEMENTS (KOHA) | |
| Koha item type | E-Books |
| Withdrawn status | Lost status | Damaged status | Not for loan | Home library | Current library | Date acquired | Total Checkouts | Date last seen | Price effective from | Koha item type |
|---|---|---|---|---|---|---|---|---|---|---|
| Kerala University of Digital Sciences, Innovation and Technology Knowledge Centre | Kerala University of Digital Sciences, Innovation and Technology Knowledge Centre | 16/06/2022 | 16/06/2022 | 16/06/2022 | E-Books |